00742nam a2200169 i 450000100060000000300090000600500170001500700030003200800410003510000560007624501570013226000910028930000400038070000290042074000360044985200870048525236ES-MaACL20250628063303.0t|021223s1853 sp ||||1| spa d1 aArlincourt, Charles-Victor Prévost d',d1789-185610aCarlos el temerario b: o El solitario del monte salvaje / cpor el vizconde de Arlincourt ; traducido de la última edición por J. Alegret de Mesa. aMadrid : bPublicación de Cabello Hermanos y Vicente, c1853 (fImpr. de A. Vicente) a246 p., [6] h. de lám. ; c22 cm.1 aAlegret de Mesa, José.3 aEl solitario del monte salvaje. aES-MaACLjD-4082(1) q. - Encuadernado con otras obras z.- Legado M. de la Fuente